00312nam a2200121 450000500170000010000220001724500260003926400370006530000180010233600220012033700240014233800240016620260530115256.01 aLaurens K Withers10aDisplay and Publicity 1bThe Peppin Press Amsterdamc2002 a423 páginas atexto2rdacontent asin medio2rdamedia avolumen2rdacarrier